Most Beautiful Cities in the U.S. by Picture - Statistics

General Stats
  • This quiz has been taken 52 times
  • The average score is 10 of 12
Answer Stats
Picture Answer % Correct
Chicago
98%
New York
96%
Washington, D.C.
96%
Boston
89%
Honolulu
87%
New Orleans
87%
Salt Lake City
80%
San Francisco
78%
Philadelphia
65%
Seattle
63%
Savannah
61%
Charleston
52%
No matching quizzes found
Score Distribution
Percent of People with Each Score
Percentile by Number Answered
Your Score History
You have not taken this quiz